Arquitectura alpina

Guardat en:
Dades bibliogràfiques
Autor principal: Taut, Bruno (Autor)
Format: Llibre
Idioma:espanyol
Publicat: Madrid Círculo de Bellas Artes 2011
Matèries:
Etiquetes: Afegir etiqueta
Sense etiquetes, Sigues el primer a etiquetar aquest registre!

MARC

LEADER 00000cam a2200000 a 4500
001 UCG9814
003 CL-VaPUC
008 120405e20110000SP |||||||||||||||||spa|d
020 |a 9788487619915 
082 0 4 |a 720.92  |b TAU  |2 21 
100 0 |a Taut, Bruno  |e author  |9 422419 
245 1 0 |a Arquitectura alpina 
300 |a 139 p 
942 |c BK 
945 |d 20120405 00:00:00  |a dcastane 
260 |a Madrid  |b Círculo de Bellas Artes  |c 2011 
650 0 |a Arquitectura moderna  |9 265021 
650 0 |a Arquitectos   |9 268647 
650 0 |a Diseño arquitectónico   |9 265271 
650 0 |a Estilos artísticos  |9 340996 
650 0 |a Arquitectura  |y Siglo 20  |9 266208 
583 |a last modification  |c 20160913 09:58:21  |k Rodrigo Vera 
999 |c 347354  |d 347352 
952 |0 0  |1 0  |4 0  |6 720_920000000000000_TAU_2011  |7 0  |8 A  |9 448633  |a BIBARQ  |b BIBARQ  |d 2019-11-22  |i 4855051  |l 2  |m 1  |o 720.92 TAU 2011  |p 4855051  |r 2025-05-02  |s 2025-04-16  |w 2019-11-22  |y BK  |k ARQ